000 00802nam a2200277Ia 4500
003 OSt
005 20220928121851.0
006 a|||||r|||| 00| 0
007 ta
008 220927b |||||||| |||| 00| 0 eng d
020 _c900
024 _a110378
037 _b208, 06/01/2011, Pioneer Book Distributors
_cTextual
040 _aSDCL
_cSDCL
_beng
041 _2eng
_aeng
082 _aD6,8(B289U), P3
100 _aKochan Stephen G
_9454567
245 0 _aUnix shell programming.
250 _a3
260 _aDelhi
_bPearson
_c2003
300 _axiii,437p.
_ccm.
650 _aI I C
700 _a Wood Patrick
_9454568
942 _hD6,8(B289U), P3
_cTEXL
_2CC
999 _c768296
_d768296